000
00269nam a2200121Ia 4500
008
241002s9999 xx 000 0 und d
082
_a
156.5 KAT
100
_a
Katz David
245
0
_a
Animals and Men
260
_a
London:
_c
1953
600
_a
Philosophy
942
_c
UC
999
_c
18842
_d
18842